[Event "IBCA-ol blind 13th"]
[Site "Heraklion"]
[Date "2008.10.21"]
[Round "3.2"]
[White "Berlinsky, Vladimir"]
[Black "Aguilar Sevilla, Diego"]
[Result "1/2-1/2"]
[WhiteElo "2325"]
[BlackElo "2149"]
[PlyCount "29"]
[EventDate "2008.10.19"]
[EventType "team-swiss"]
[EventRounds "9"]
[EventCountry "GRE"]
[SourceTitle "EXT 2010"]
[Source "ChessBase"]
[SourceDate "2010.11.25"]
[SourceVersion "1"]
[SourceVersionDate "2010.11.25"]
[SourceQuality "1"]
[WhiteTeam "Russia (blind)"]
[BlackTeam "Spain (blind)"]
[WhiteTeamCountry "RUS"]
[BlackTeamCountry "ESP"]

1. e4 e5 2. Nf3 Nc6 3. Bc4 Nf6 4. Ng5 d5 5. exd5 Na5 6. Bb5+ c6 7. dxc6 bxc6 8. Qf3 Rb8 9. Be2 h6 10. Ne4 Nxe4 11. Qxe4 Bd6 12. d4 0-0 13. dxe5 f5 14. Qd3 Bxe5 15. Qxd8 1/2-1/2